000
00221 a2200097 4500
001
40120
100
_a
Howard Constance
245
_a
Embroiderg & Colover
260
_a
London
_b
BT Batsford Ltd
_c
090
_c
25023
_d
25023
942
_a
NUST-CAE
_c
M
_c
16696
999
_c
275193
_d
275193